Score 0/25 Timer 05:00
5 Plays Today
% Correct
Michael
91.3%
Andy
91%
Pam
90.7%
Roy
90.3%
Angela
90.1%
Darryl
88.1%
Meredith
86.5%
Toby
86.3%
Dwight
83.4%
Jim
79%
Karen
76.6%
Kelly
74.6%
Stanley
71.4%
% Correct
Gabe
67.1%
Nellie
64.4%
Robert
61.4%
David
61.3%
Jan
59.5%
Kevin
58.8%
Oscar
58.6%
Phyllis
57.3%
Ryan
56.5%
Erin
55.8%
Holly
54.1%
Creed
49.6%
Remove Ads.
Support Sporcle.
Get the best of Sporcle when you Go Orange. This ad-free experience offers more features, more stats, and more fun while also helping to support Sporcle. Thank you for becoming a member.

You're not logged in!

Compare scores with friends on all Sporcle quizzes.
OR
Log In

Show Comments

Extras

Top Quizzes Today


Score Distribution

Your Account Isn't Verified!

In order to create a playlist on Sporcle, you need to verify the email address you used during registration. Go to your Sporcle Settings to finish the process.

Report this User

Report this user for behavior that violates our Community Guidelines.

Details: